00405nam a2200121Ia 4500008004100000245009000041260004500131260000900176300000900185500001300194650001300207856006300220170516s9999 xx 000 0 und d aIn situ forming hydrogels based on chitosan for drug delivery and tissue regeneration bAsian Journal of Pharmaceutical Sciences c2016 a11:6 aDecember xPharmacy uhttp://www.sciencedirect.com/science/journal/18180876/11/6